NDU-K Library Catalogue

Girl in a jacket 

Be a people's person : (Record no. 9365)

MARC details
000 -LEADER
fixed length control field 00819cam a22002417a 4500
001 - CONTROL NUMBER
control field 14932860
005 - DATE AND TIME OF LATEST TRANSACTION
control field 20241202130757.0
008 - FIXED-LENGTH DATA ELEMENTS--GENERAL INFORMATION
fixed length control field 070718s2007 cou 000 0 eng
010 ## - LIBRARY OF CONGRESS CONTROL NUMBER
LC control number 2007933211
020 ## - INTERNATIONAL STANDARD BOOK NUMBER
International Standard Book Number 9788184950588
040 ## - CATALOGING SOURCE
Original cataloging agency DLC
Transcribing agency DLC
Modifying agency DLC
050 00 - LIBRARY OF CONGRESS CALL NUMBER
Classification number BV4597.52
Item number .M39 2009
082 04 - DEWEY DECIMAL CLASSIFICATION NUMBER
Classification number 158.2
Edition number 21
100 1# - MAIN ENTRY--PERSONAL NAME
Personal name Maxwell, John C.,
Dates associated with a name 1947-
245 10 - TITLE STATEMENT
Title Be a people's person :
Remainder of title Effective leadership through effective relationships /
Statement of responsibility, etc. John C. Maxwell.
250 ## - EDITION STATEMENT
Edition statement 2nd ed.
260 ## - PUBLICATION, DISTRIBUTION, ETC.
Place of publication, distribution, etc. Colorado Springs, CO :
Name of publisher, distributor, etc. David C. Cook,
Date of publication, distribution, etc. 2007.
300 ## - PHYSICAL DESCRIPTION
Extent 192 p. ;
Dimensions 22 cm.
650 #0 - SUBJECT ADDED ENTRY--TOPICAL TERM
Topical term or geographic name entry element Interpersonal relations
General subdivision Religious aspects
-- Christianity.
906 ## - LOCAL DATA ELEMENT F, LDF (RLIN)
a 7
b cbc
c origcop
d 2
e epcn
f 20
g y-gencatlg
942 ## - ADDED ENTRY ELEMENTS (KOHA)
Source of classification or shelving scheme Library of Congress Classification
Koha item type Normal Collection
Suppress in OPAC No
Holdings
Withdrawn status Lost status Source of classification or shelving scheme Damaged status Not for loan Home library Current library Date acquired Total Checkouts Full call number Date last seen Price effective from Koha item type Barcode Date due Date last checked out
    Library of Congress Classification     National Defence College (NDC) Library Kenya Military Academy 26/04/2023   BV4597.52 .M39 2007 26/04/2023 26/04/2023 Normal Collection      
    Library of Congress Classification     Kenya Military Academy Kenya Military Academy 02/12/2024 1 BV4597.52 .M39 2009 02/12/2024 02/12/2024 Normal Collection KMA008043 16/12/2024 02/12/2024
    Library of Congress Classification     Kenya Military Academy Kenya Military Academy 04/02/2025 2 BV 4597.52 .M39 2009 04/02/2025 04/02/2025 Normal Collection KMA009343   04/02/2025
Copyright © 2026 [National Defence University - Kenya]. All rights reserved.